| 000 | 00000nam##2200000za#4500 |
| 001 | 9.662314 |
| 003 | CaOODSP |
| 005 | 20240209132629 |
| 007 | ta |
| 008 | 150407|2001||||xxc||||| f|0| 0 fre|d |
| 020 | |a0-662-65338-6 |
| 040 | |aCaOODSP|bfre |
| 041 | |aeng |
| 041 | |afre |
| 043 | |an-cn--- |
| 086 | 1 |aC89-4/31-2001 |
| 110 | 2 |aAgence de promotion économique du Canada atlantique. |
| 245 | 10|aEnsemble pour un économie plus forte |
| 260 | |aMoncton - Nouveau-Brunswick : |bAgence de promotion économique du Canada atlantique |c2001. |
| 300 | |aTexte français, 8p. ; |c28 cm. |
| 500 | |aN.B.: Le numéro de catalogue (C89-4/31-2001F) imprimé dans cette publication est incorrect. |
| 546 | |aBilingue |
| 563 | |aCouverture souple |
| 590 | |a01-25|b2001-06-22 |
| 691 | 07|aDéveloppement économique|2gcpds |
| 691 | 07|aPetite entreprise|2gcpds |
| 691 | 07|aEntrepreneuriat|2gcpds |
| 691 | 07|aServices aux entreprises|2gcpds |
| 776 | 0#|tEnsemble, pour une économie plus forte : |w(CaOODSP)9.639361 |
| 776 | 0#|tBuilding a stronger economy together : |w(CaOODSP)9.695215 |
| 791 | |tBuilding a stronger economy together |eeng|w(CaOODSP)9.662313 |